000 nam a22 7a 4500
999 _c9386
_d9386
008 180129b ||||| |||| 00| 0 eng d
100 _aAjay kumar jha
_95616
245 _aMaster social science -X
260 _adelhi
_blal Publication
_c2007